000 02300nam0a2200337 4500
001 RU\NLR\bibl\1675124
005 20250616045733.0
010 _a978-5-7568-0312-9
_9100
021 _aRU
_b2010-61558
_94032
035 _a(NLR Aleph) 001666366
090 _a1013610
_c1013610
100 _a20100916d2010 |||y0rusy50 ca
101 0 _arus
102 _aRU
105 _aa |||||||||
200 1 _aПравила дорожного движения. Основные положения по допуску транспортных средств к эксплуатации и обязанности должностных лиц по обеспечению безопасности дорожного движения
_eучебное пособие
_eдля студентов, обучающихся по направлениям 190601 "Эксплуатация наземного транспорта и транспортного оборудования" и 190702 "Организация перевозок и управление на транспорте"
_fН.В. Шумов
_gМ-во образования и науки Рос. Федерации, Гос. образоват. учреждение высш. проф. образования "Алт. гос. техн. ун-т им. И.И. Ползунова"
210 _aБарнаул
_cИзд-во АлтГТУ
_d2010
215 _a129, [2] с.
_cцв. ил.
_d20
225 1 _aАвтошкола АлтГТУ
320 _aБиблиогр. в конце кн. (11 назв.)
517 0 _aОсновные положения по допуску транспортных средств к эксплуатации и обязанности должностных лиц по обеспечению безопасности дорожного движения
606 1 _aПравила дорожного движения
_jУчебные издания для высших учебных заведений
_xИзучение
_92559335
_3RU\NLR\auth\661514020
686 _aО808.02я82я73-1
700 1 _aШумов
_bН. В.
_gНиколай Викторович
_4070
801 0 _aRU
_bNLR
_c20100916
_gRCR
801 1 _aRU
_bNLR
_c20100916
830 _aпо кн
942 _cBOOK
980 _aNB
980 _aNBR